000 00303nam a2200145Ia 4500
100 _aBorland
942 _cBK
654 _aTurbo C++
245 _aTurbo C++ Programming Guide
260 _bBorland International INC
_aUSA
082 _a1.6
_bBor
300 _a378
546 _aENGLISH
999 _c34064
_d34064